| 000 | 00425nam a2200157Ia 4500 | ||
|---|---|---|---|
| 008 | 250603s9999 xx 000 0 und d | ||
| 020 | _a9780256217896 | ||
| 082 | _a657.0285 HOL | ||
| 100 | _aHollander, Anita S. | ||
| 245 | 0 | _aAccounting, Information Technology, and Business Solutions | |
| 250 | _a2nd ed. | ||
| 260 |
_aBoston: _bIrwin-McGraw-Hill, _c2000 |
||
| 300 | _axvi, 584p. | ||
| 600 | _aAccounting | ||
| 942 | _cGB | ||
| 999 |
_c31357 _d31357 |
||